| 000 | 00843aam a2200301 4500 | ||
|---|---|---|---|
| 005 | 20251112170136.0 | ||
| 008 | 150615b xxu||||| |||| 00| 0 spa d | ||
| 020 | _a9682474647 | ||
| 041 | _aESP | ||
| 082 | _a616.31 A581d | ||
| 100 |
_aÁngeles Medina, Fernando _912606 |
||
| 100 |
_aRomero Reyes, Marcela _912637 |
||
| 245 | _aDolor orofacial y desordenes de la articulación temporomandibular | ||
| 260 | _aMéxico | ||
| 260 | _bTrillas | ||
| 260 | _c2006 | ||
| 300 | _a200 páginas | ||
| 300 | _bIlustraciones a blanco y negro | ||
| 490 | _aMecánica Dental | ||
| 650 | _aENFERMEDADES DE LA BOCA | ||
| 650 | _aARTICULACIÓN TEMPOROMANDIBULAR | ||
| 650 | _aANATOMÍA DENTAL | ||
| 650 | _aOCLUSIÓN | ||
| 650 | _aFÉRULAS OCLUSALES | ||
| 650 | _aPATOLOGÍA DE LA ATM | ||
| 650 | _aDOLOR MIOFASCIAL | ||
| 942 |
_cBK _2ddc |
||
| 999 |
_c2861 _d2861 |
||